[Event "ST-2022-0-00225"]
[Site "LSS email"]
[Date "2022.12.10"]
[Round "?"]
[White "Khlopov, Sergej"]
[Black "Canizares Cuadra, Pedro"]
[Result "1/2-1/2"]
[WhiteElo "2337"]
[BlackElo "2361"]
[PlyCount "85"]
[EventDate "2022.07.29"]
[EventType "tourn (corr)"]
[EventRounds "6"]
[EventCountry "GER"]
[SourceTitle "Corr 2024"]
[Source "ChessBase"]
[SourceDate "2023.10.19"]
[SourceVersion "1"]
[SourceVersionDate "2023.10.19"]
[SourceQuality "1"]

1. e4 c6 2. d4 d5 3. Nc3 dxe4 4. Nxe4 Bf5 5. Ng3 Bg6 6. h4 h6 7. Nf3 Nd7 8. h5 Bh7 9. Bd3 Bxd3 10. Qxd3 e6 11. Bd2 Ngf6 12. 0-0-0 Be7 13. Ne4 0-0 14. Kb1 c5 15. Nxf6+ Bxf6 16. dxc5 Nxc5 17. Qxd8 Rfxd8 18. Be3 Rxd1+ 19. Rxd1 Na4 20. Nd4 Rd8 21. Rd2 a6 22. c3 Rd5 23. g4 Nb6 24. Nb3 Rxd2 25. Bxd2 Nc4 26. Kc2 Ne5 27. Nc5 Nxg4 28. Nxb7 g6 29. hxg6 h5 30. Nd6 h4 31. gxf7+ Kf8 32. Ne4 h3 33. Bf4 Be7 34. b4 Kxf7 35. a4 e5 36. Bg3 Ke6 37. Kd3 Kd7 38. f3 h2 39. Bxh2 Nxh2 40. Nd2 Ke6 41. Ke4 Bg5 42. Nb3 Be7 43. Nd2 1/2-1/2

[Event "ST-2022-0-00225"]
[Site "LSS email"]
[Date "2022.12.08"]
[Round "?"]
[White "Khlopov, Sergej"]
[Black "Pascual Perez, Norge"]
[Result "1/2-1/2"]
[WhiteElo "2337"]
[BlackElo "2382"]
[PlyCount "69"]
[EventDate "2022.07.29"]
[EventType "tourn (corr)"]
[EventRounds "6"]
[EventCountry "GER"]
[SourceTitle "Corr 2024"]
[Source "ChessBase"]
[SourceDate "2023.10.19"]
[SourceVersion "1"]
[SourceVersionDate "2023.10.19"]
[SourceQuality "1"]

1. e4 e5 2. Nf3 Nc6 3. Bb5 a6 4. Ba4 Nf6 5. 0-0 b5 6. Bb3 Bc5 7. c3 d6 8. d4 Bb6 9. Be3 0-0 10. Nbd2 Re8 11. Re1 Na5 12. Bc2 c5 13. h3 cxd4 14. cxd4 Nc6 15. Nf1 exd4 16. Nxd4 Ne5 17. a4 Bd7 18. axb5 axb5 19. Rxa8 Qxa8 20. Nb3 Bxe3 21. Nxe3 Nxe4 22. Bxe4 Qxe4 23. Qxd6 Bxh3 24. Nd2 Qf4 25. Kf1 Bg4 26. Nxg4 Qxg4 27. Qd5 Kf8 28. b3 f6 29. Qxb5 Re7 30. Qb8+ Kf7 31. Nf3 Nxf3 32. Rxe7+ Kxe7 33. Qb7+ Kd6 34. gxf3 Qd7 35. Qb6+ 1/2-1/2

[Event "ST-2022-0-00225"]
[Site "LSS email"]
[Date "2022.12.07"]
[Round "?"]
[White "Khlopov, Sergej"]
[Black "Szczepanski, Zbigniew"]
[Result "1/2-1/2"]
[WhiteElo "2337"]
[BlackElo "2389"]
[PlyCount "48"]
[EventDate "2022.07.29"]
[EventType "tourn (corr)"]
[EventRounds "6"]
[EventCountry "GER"]
[SourceTitle "Corr 2024"]
[Source "ChessBase"]
[SourceDate "2023.10.19"]
[SourceVersion "1"]
[SourceVersionDate "2023.10.19"]
[SourceQuality "1"]

1. e4 e5 2. Nf3 Nc6 3. Bb5 Nf6 4. d3 Bc5 5. Bxc6 dxc6 6. 0-0 Nd7 7. c3 a5 8. d4 Bd6 9. Re1 0-0 10. Bg5 f6 11. Bh4 Qe8 12. Nbd2 Qf7 13. Bg3 Re8 14. h3 h6 15. Qc2 c5 16. dxe5 fxe5 17. b3 Nb6 18. Nh4 a4 19. Nf5 axb3 20. axb3 Rxa1 21. Rxa1 Bxf5 22. exf5 Nd5 23. Re1 Ne7 24. Qe4 b6 1/2-1/2

[Event "RM-2022-0-00271"]
[Site "LSS email"]
[Date "2022.10.24"]
[Round "?"]
[White "Khlopov, Sergej"]
[Black "Ozen, Bahadir"]
[Result "1/2-1/2"]
[WhiteElo "2337"]
[BlackElo "2257"]
[PlyCount "73"]
[EventDate "2022.06.20"]
[EventType "tourn (corr)"]
[EventRounds "6"]
[EventCountry "GER"]
[SourceTitle "Corr 2024"]
[Source "ChessBase"]
[SourceDate "2023.10.19"]
[SourceVersion "1"]
[SourceVersionDate "2023.10.19"]
[SourceQuality "1"]

1. d4 d5 2. c4 c6 3. Nf3 Nf6 4. Nc3 e6 5. e3 Nbd7 6. Bd3 dxc4 7. Bxc4 b5 8. Bd3 Bb7 9. e4 b4 10. Na4 c5 11. e5 Nd5 12. 0-0 cxd4 13. Nxd4 Nxe5 14. Bb5+ Nd7 15. Re1 Rc8 16. b3 Be7 17. Rxe6 0-0 18. Nc6 Bxc6 19. Rxc6 Nc7 20. Bf1 Ne5 21. Qxd8 Rfxd8 22. Rc2 Nd5 23. Rxc8 Rxc8 24. Bb2 Bf6 25. Ba6 Rd8 26. Rd1 Nc6 27. Bxf6 Nxf6 28. Rxd8+ Nxd8 29. Nb2 Nd5 30. Nd3 Kf8 31. Bc4 Nc3 32. Nxb4 a5 33. Nd5 Nxa2 34. Kf1 Ne6 35. Ke1 Ke8 36. Kd2 Nc5 37. f3 1/2-1/2

[Event "RM-2022-0-00271"]
[Site "LSS email"]
[Date "2022.10.24"]
[Round "?"]
[White "Khlopov, Sergej"]
[Black "Sinka, Istvan"]
[Result "1/2-1/2"]
[WhiteElo "2337"]
[BlackElo "2420"]
[PlyCount "48"]
[EventDate "2022.06.20"]
[EventType "tourn (corr)"]
[EventRounds "6"]
[EventCountry "GER"]
[SourceTitle "Corr 2024"]
[Source "ChessBase"]
[SourceDate "2023.10.19"]
[SourceVersion "1"]
[SourceVersionDate "2023.10.19"]
[SourceQuality "1"]

1. d4 Nf6 2. c4 e6 3. Nf3 d5 4. g3 Bb4+ 5. Bd2 a5 6. a3 Be7 7. Qc2 0-0 8. Bg2 c6 9. 0-0 Nbd7 10. Rc1 b6 11. cxd5 cxd5 12. Bf4 Ba6 13. Nc3 b5 14. a4 bxa4 15. Qxa4 Bb4 16. Na2 Bxe2 17. Nxb4 axb4 18. Qxb4 Rxa1 19. Rxa1 Qc8 20. Qd2 Bc4 21. Qc3 Be2 22. Qd2 Bc4 23. Qc3 Be2 24. Qa3 Qb7 1/2-1/2

[Event "RM-2022-0-00271"]
[Site "LSS email"]
[Date "2022.10.24"]
[Round "?"]
[White "Offenborn, Heinz"]
[Black "Khlopov, Sergej"]
[Result "1/2-1/2"]
[WhiteElo "2411"]
[BlackElo "2337"]
[PlyCount "33"]
[EventDate "2022.06.20"]
[EventType "tourn (corr)"]
[EventRounds "6"]
[EventCountry "GER"]
[SourceTitle "Corr 2024"]
[Source "ChessBase"]
[SourceDate "2023.10.19"]
[SourceVersion "1"]
[SourceVersionDate "2023.10.19"]
[SourceQuality "1"]

1. d4 d5 2. c4 e6 3. Nc3 c6 4. e3 Nf6 5. Nf3 Nbd7 6. Qc2 Bd6 7. Bd3 0-0 8. 0-0 dxc4 9. Bxc4 a6 10. Rd1 b5 11. Be2 Qc7 12. e4 e5 13. g3 Re8 14. a3 h6 15. b4 exd4 16. Nxd4 Nb6 17. Be3 1/2-1/2

[Event "RM-2022-0-00271"]
[Site "LSS email"]
[Date "2022.10.24"]
[Round "?"]
[White "Susla, Vitaliy"]
[Black "Khlopov, Sergej"]
[Result "1/2-1/2"]
[WhiteElo "2302"]
[BlackElo "2337"]
[PlyCount "51"]
[EventDate "2022.06.20"]
[EventType "tourn (corr)"]
[EventRounds "6"]
[EventCountry "GER"]
[SourceTitle "Corr 2024"]
[Source "ChessBase"]
[SourceDate "2023.10.19"]
[SourceVersion "1"]
[SourceVersionDate "2023.10.19"]
[SourceQuality "1"]

1. e4 c5 2. Nf3 d6 3. d4 cxd4 4. Nxd4 Nf6 5. Nc3 a6 6. h3 e5 7. Nde2 h5 8. g3 b5 9. Bg5 Be7 10. Bxf6 Bxf6 11. Nd5 h4 12. a4 bxa4 13. Nec3 Nc6 14. Rxa4 0-0 15. g4 Bb7 16. Bc4 Nd4 17. 0-0 a5 18. Qd3 Ne6 19. Nxf6+ Qxf6 20. Qxd6 Rad8 21. Qb6 Ng5 22. Qxf6 gxf6 23. Bd3 Nxh3+ 24. Kh2 Nf4 25. Rd1 Ra8 26. Rda1 1/2-1/2

[Event "ST-2022-0-00222"]
[Site "LSS email"]
[Date "2022.09.26"]
[Round "?"]
[White "Khlopov, Sergej"]
[Black "Marwitz, Ullrich"]
[Result "1/2-1/2"]
[WhiteElo "2337"]
[BlackElo "2338"]
[PlyCount "71"]
[EventDate "2022.04.10"]
[EventType "tourn (corr)"]
[EventRounds "6"]
[EventCountry "GER"]
[SourceTitle "Corr 2024"]
[Source "ChessBase"]
[SourceDate "2023.10.19"]
[SourceVersion "1"]
[SourceVersionDate "2023.10.19"]
[SourceQuality "1"]

1. d4 f5 2. g3 Nf6 3. Bg2 g6 4. b3 Bg7 5. Bb2 0-0 6. c4 d6 7. Nf3 Ne4 8. Nbd2 Nc6 9. Nxe4 fxe4 10. Ng5 e5 11. Nxe4 exd4 12. 0-0 Bf5 13. f4 Qe7 14. Nf2 Qe3 15. Bc1 Qe7 16. Bb2 Rfe8 17. Bd5+ Kh8 18. Bxc6 bxc6 19. Bxd4 Qxe2 20. c5 dxc5 21. Bxg7+ Kxg7 22. Qxe2 Rxe2 23. g4 Bd7 24. Rad1 Be6 25. Rfe1 Rxe1+ 26. Rxe1 Bd5 27. Re7+ Kf6 28. Rxh7 a5 29. Nd3 c4 30. Nc5 c3 31. Rh3 c2 32. Rc3 Bf3 33. Rxc2 Bxg4 34. Kg2 Bf5 35. Rc4 Re8 36. Kf2 1/2-1/2

[Event "ST-2022-0-00222"]
[Site "LSS email"]
[Date "2022.09.02"]
[Round "?"]
[White "Khlopov, Sergej"]
[Black "Slawinski, Tomasz"]
[Result "1/2-1/2"]
[WhiteElo "2337"]
[BlackElo "2318"]
[PlyCount "67"]
[EventDate "2022.04.10"]
[EventType "tourn (corr)"]
[EventRounds "6"]
[EventCountry "GER"]
[SourceTitle "Corr 2024"]
[Source "ChessBase"]
[SourceDate "2023.10.19"]
[SourceVersion "1"]
[SourceVersionDate "2023.10.19"]
[SourceQuality "1"]

1. e4 c5 2. Nf3 d6 3. d4 cxd4 4. Nxd4 Nf6 5. Nc3 a6 6. h3 e5 7. Nb3 Be7 8. Be3 Be6 9. f4 Nc6 10. f5 Bxb3 11. axb3 Nb4 12. g3 d5 13. exd5 Qc7 14. d6 Bxd6 15. Nb5 Nxc2+ 16. Ke2 Qc6 17. Nxd6+ Ke7 18. Rc1 Nxe3 19. Rxc6 Nxd1 20. Nxb7 Rhb8 21. Rc7+ Kf8 22. Nd6 Nxb2 23. Bg2 e4 24. Rhc1 Rd8 25. Nxf7 Rd3 26. Ng5 Rxg3 27. Bxe4 Nxe4 28. Rc8+ Rxc8 29. Rxc8+ Ke7 30. Nxe4 Rxb3 31. Rc7+ Ke8 32. Rxg7 Nc4 33. Nf6+ Kf8 34. Ra7 1/2-1/2

[Event "ZH-2022-0-02052"]
[Site "LSS email"]
[Date "2022.05.27"]
[Round "?"]
[White "Jorgensen, Poulerik"]
[Black "Khlopov, Sergej"]
[Result "1/2-1/2"]
[WhiteElo "2329"]
[BlackElo "2332"]
[PlyCount "73"]
[EventDate "2022.05.27"]
[EventType "match (corr)"]
[EventRounds "2"]
[EventCountry "GER"]
[SourceTitle "Corr 2024"]
[Source "ChessBase"]
[SourceDate "2023.10.19"]
[SourceVersion "1"]
[SourceVersionDate "2023.10.19"]
[SourceQuality "1"]

1. e4 c5 2. c3 Nf6 3. e5 Nd5 4. d4 cxd4 5. cxd4 d6 6. Nf3 Nc6 7. Bc4 Nb6 8. Bb5 dxe5 9. Nxe5 Bd7 10. Nxd7 Qxd7 11. Nc3 e6 12. 0-0 a6 13. Bxc6 Qxc6 14. Be3 Nd5 15. Rc1 Be7 16. Qf3 Rd8 17. Ne4 Qd7 18. Qg3 Kf8 19. h4 h6 20. h5 Rg8 21. Nc5 Bxc5 22. dxc5 g5 23. c6 bxc6 24. b4 Kg7 25. Qe5+ f6 26. Qe4 Qe8 27. Qg4 e5 28. Rc5 Rf8 29. Ra5 e4 30. Rxa6 Nc3 31. Re1 Rd3 32. Ra7+ Rf7 33. Ra5 Kg8 34. Qh3 Nd5 35. Qf5 Re7 36. Bc5 Re5 37. Ra8 1/2-1/2

[Event "ZH-2022-0-02021"]
[Site "LSS email"]
[Date "2022.04.22"]
[Round "?"]
[White "Khlopov, Sergej"]
[Black "Utrera, Leif"]
[Result "1/2-1/2"]
[WhiteElo "2333"]
[BlackElo "2347"]
[PlyCount "50"]
[EventDate "2022.04.22"]
[EventType "match (corr)"]
[EventRounds "2"]
[EventCountry "GER"]
[SourceTitle "Corr 2024"]
[Source "ChessBase"]
[SourceDate "2023.10.19"]
[SourceVersion "1"]
[SourceVersionDate "2023.10.19"]
[SourceQuality "1"]

1. e4 e5 2. Nf3 Nc6 3. Bc4 Bc5 4. c3 Nf6 5. d4 exd4 6. e5 d5 7. Bb5 Ne4 8. cxd4 Bb6 9. Be3 0-0 10. Nc3 Bg4 11. h3 Bh5 12. Qc2 Nxc3 13. bxc3 f6 14. exf6 Qxf6 15. Be2 Bg6 16. Qb3 Qd6 17. 0-0 h6 18. Rae1 Be4 19. Nd2 Bg6 20. a4 Rae8 21. Qa2 Kh8 22. Nf3 Ba5 23. Qb3 Be4 24. Nd2 Bf5 25. Nf3 Be4 1/2-1/2

[Event "ST-2022-0-00216"]
[Site "LSS email"]
[Date "2022.03.22"]
[Round "?"]
[White "Khlopov, Sergej"]
[Black "Koch, Christian"]
[Result "1/2-1/2"]
[WhiteElo "2327"]
[BlackElo "2352"]
[PlyCount "46"]
[EventDate "2022.01.16"]
[EventType "tourn (corr)"]
[EventRounds "6"]
[EventCountry "GER"]
[SourceTitle "Corr 2024"]
[Source "ChessBase"]
[SourceDate "2023.10.19"]
[SourceVersion "1"]
[SourceVersionDate "2023.10.19"]
[SourceQuality "1"]

1. e4 e5 2. Nf3 Nc6 3. Bc4 Bc5 4. b4 Bxb4 5. c3 Ba5 6. d4 d6 7. Qb3 Qd7 8. Nbd2 exd4 9. cxd4 Nf6 10. d5 Ne7 11. Bd3 0-0 12. 0-0 Bb6 13. h3 Ng6 14. Re1 Qd8 15. Bb2 a6 16. Rad1 Nd7 17. Nc4 Bc5 18. e5 Ndxe5 19. Ncxe5 dxe5 20. Nxe5 Nxe5 21. Bxe5 Bd6 22. Qc2 g6 23. Bb2 Bd7 1/2-1/2

[Event "SM-2022-0-00462"]
[Site "LSS email"]
[Date "2022.03.10"]
[Round "?"]
[White "Aberbach Peltzman, Angel"]
[Black "Khlopov, Sergej"]
[Result "0-1"]
[WhiteElo "2276"]
[BlackElo "2328"]
[PlyCount "54"]
[EventDate "2022.01.13"]
[EventType "tourn (corr)"]
[EventRounds "6"]
[EventCountry "GER"]
[SourceTitle "Corr 2024"]
[Source "ChessBase"]
[SourceDate "2023.10.19"]
[SourceVersion "1"]
[SourceVersionDate "2023.10.19"]
[SourceQuality "1"]

1. d4 d5 2. Bf4 c5 3. e3 Nc6 4. c3 Nf6 5. Nd2 Bf5 6. Ngf3 cxd4 7. exd4 e6 8. Qb3 Bd6 9. Qxb7 Bxf4 10. Qxc6+ Kf8 11. Ne5 Rc8 12. Qa4 Qb6 13. Nb3 Qc7 14. Be2 h5 15. Qa5 h4 16. Qxc7 Rxc7 17. 0-0 g5 18. Bd3 Bxe5 19. Bxf5 Bxh2+ 20. Kxh2 exf5 21. f3 Kg7 22. Nc5 Re8 23. Rae1 Rce7 24. Nd3 Re2 25. Kg1 Rd2 26. Nb4 Rxe1 27. Rxe1 Rxb2 0-1

[Event "SM-2022-0-00462"]
[Site "LSS email"]
[Date "2022.03.10"]
[Round "?"]
[White "Kazimierski, Tomasz"]
[Black "Khlopov, Sergej"]
[Result "1/2-1/2"]
[WhiteElo "2210"]
[BlackElo "2328"]
[PlyCount "68"]
[EventDate "2022.01.13"]
[EventType "tourn (corr)"]
[EventRounds "6"]
[EventCountry "GER"]
[SourceTitle "Corr 2024"]
[Source "ChessBase"]
[SourceDate "2023.10.19"]
[SourceVersion "1"]
[SourceVersionDate "2023.10.19"]
[SourceQuality "1"]

1. e4 c5 2. Nf3 d6 3. Nc3 Nf6 4. d4 cxd4 5. Nxd4 a6 6. Be3 e5 7. Nb3 Be6 8. f3 h5 9. Qd2 Nbd7 10. Nd5 Bxd5 11. exd5 g6 12. 0-0-0 Nb6 13. Qa5 Bh6 14. Bxh6 Rxh6 15. Qd2 Rh8 16. f4 Nbd7 17. Re1 Kf8 18. Bd3 exf4 19. Rhf1 Kg7 20. Rxf4 Nxd5 21. Rff1 N5f6 22. Bxg6 fxg6 23. Nd4 Re8 24. Ne6+ Rxe6 25. Rxe6 d5 26. Rfe1 Kf7 27. Rd6 Qc7 28. Rxd5 Re8 29. Rf1 Kg7 30. Rd6 Re7 31. Qd4 Qa5 32. Rxd7 Rxd7 33. Qxf6+ Kh7 34. c3 Qxa2 1/2-1/2

[Event "SM-2022-0-00462"]
[Site "LSS email"]
[Date "2022.03.10"]
[Round "?"]
[White "Khlopov, Sergej"]
[Black "Koch, Christian"]
[Result "1/2-1/2"]
[WhiteElo "2328"]
[BlackElo "2348"]
[PlyCount "46"]
[EventDate "2022.01.13"]
[EventType "tourn (corr)"]
[EventRounds "6"]
[EventCountry "GER"]
[SourceTitle "Corr 2024"]
[Source "ChessBase"]
[SourceDate "2023.10.19"]
[SourceVersion "1"]
[SourceVersionDate "2023.10.19"]
[SourceQuality "1"]

1. d4 d5 2. c4 c6 3. Nf3 Nf6 4. Nc3 e6 5. Bg5 h6 6. Bh4 dxc4 7. e4 g5 8. Bg3 b5 9. Be2 Bb7 10. 0-0 Nbd7 11. Ne5 h5 12. Nxd7 Qxd7 13. b3 b4 14. Be5 Rh6 15. Na4 Nxe4 16. Qc2 c5 17. Rfd1 c3 18. Nxc5 Bxc5 19. dxc5 Qc6 20. Bf3 g4 21. Rd6 gxf3 22. Rxc6 Bxc6 23. Qd3 fxg2 1/2-1/2

[Event "SM-2022-0-00462"]
[Site "LSS email"]
[Date "2022.03.10"]
[Round "?"]
[White "Khlopov, Sergej"]
[Black "Zielinski, Sergej"]
[Result "1/2-1/2"]
[WhiteElo "2328"]
[BlackElo "2270"]
[PlyCount "46"]
[EventDate "2022.01.13"]
[EventType "tourn (corr)"]
[EventRounds "6"]
[EventCountry "GER"]
[SourceTitle "Corr 2024"]
[Source "ChessBase"]
[SourceDate "2023.10.19"]
[SourceVersion "1"]
[SourceVersionDate "2023.10.19"]
[SourceQuality "1"]

1. e4 e5 2. Nf3 Nf6 3. Nc3 Nc6 4. Bb5 Nd4 5. Bc4 Bc5 6. Nxe5 Qe7 7. Nf3 d5 8. Bxd5 Bg4 9. d3 0-0-0 10. Be3 Nxd5 11. Nxd5 Rxd5 12. exd5 Re8 13. 0-0 Bxf3 14. gxf3 Bd6 15. f4 Qh4 16. Bxd4 Bxf4 17. Kg2 Qxh2+ 18. Kf3 Qh5+ 19. Kxf4 Qh2+ 20. Kf3 Qh3+ 21. Kf4 Qh2+ 22. Kf3 Qh3+ 23. Kf4 Qh2+ 1/2-1/2

[Event "RM-2022-0-00258"]
[Site "LSS email"]
[Date "2022.02.08"]
[Round "?"]
[White "Khlopov, Sergej"]
[Black "Giuliani, Carlo"]
[Result "1/2-1/2"]
[WhiteElo "2316"]
[BlackElo "2302"]
[PlyCount "61"]
[EventDate "2022.01.24"]
[EventType "tourn (corr)"]
[EventRounds "6"]
[EventCountry "GER"]
[SourceTitle "Corr 2024"]
[Source "ChessBase"]
[SourceDate "2023.10.19"]
[SourceVersion "1"]
[SourceVersionDate "2023.10.19"]
[SourceQuality "1"]

1. d4 Nf6 2. c4 e6 3. g3 d5 4. Bg2 dxc4 5. Nf3 Nc6 6. Qa4 Bb4+ 7. Bd2 Nd5 8. Bxb4 Ndxb4 9. 0-0 Rb8 10. Na3 0-0 11. Qb5 b6 12. Qxc4 Ba6 13. Nb5 Qd5 14. Qxd5 Nxd5 15. a4 Bb7 16. Ne5 Nxe5 17. dxe5 a6 18. Bxd5 Bxd5 19. Nxc7 Bc4 20. Rac1 Bxe2 21. Rfe1 Bh5 22. Re4 Rbc8 23. Rc3 Rfd8 24. Rb4 Rd1+ 25. Kg2 Be2 26. Rxb6 h5 27. f3 Rd2 28. Kf2 Bd1+ 29. Ke1 Rcd8 30. Rd6 R2xd6 31. exd6 1/2-1/2

[Event "RM-2022-0-00254"]
[Site "LSS email"]
[Date "2022.01.18"]
[Round "?"]
[White "Khlopov, Sergej"]
[Black "Bernal Varela, Nelson"]
[Result "1/2-1/2"]
[WhiteElo "2318"]
[BlackElo "2397"]
[PlyCount "67"]
[EventDate "2022.01.04"]
[EventType "tourn (corr)"]
[EventRounds "6"]
[EventCountry "GER"]
[SourceTitle "Corr 2024"]
[Source "ChessBase"]
[SourceDate "2023.10.19"]
[SourceVersion "1"]
[SourceVersionDate "2023.10.19"]
[SourceQuality "1"]

1. e4 e6 2. d4 d5 3. Nd2 c5 4. Ngf3 cxd4 5. exd5 Qxd5 6. g3 Nf6 7. Bg2 b6 8. 0-0 Bb7 9. Re1 Bc5 10. a3 Be7 11. b4 a5 12. Rb1 axb4 13. axb4 0-0 14. Bb2 Bxb4 15. Bxd4 Qd6 16. Be5 Qe7 17. Bxf6 gxf6 18. Nd4 Bxd2 19. Qxd2 Bxg2 20. Kxg2 Qb7+ 21. f3 Nd7 22. Re4 Rfd8 23. Qh6 Nf8 24. Qxf6 Qc7 25. Rb2 Ng6 26. h4 Rd6 27. c3 Qe7 28. Qg5 Ra5 29. Qe3 h5 30. Ne2 Qc7 31. Reb4 Re5 32. Re4 Rxe4 33. Qxe4 Rd5 34. Qe3 1/2-1/2

[Event "RM-2022-0-00254"]
[Site "LSS email"]
[Date "2022.01.18"]
[Round "?"]
[White "Ozen, Bahadir"]
[Black "Khlopov, Sergej"]
[Result "1/2-1/2"]
[WhiteElo "2226"]
[BlackElo "2318"]
[PlyCount "66"]
[EventDate "2022.01.04"]
[EventType "tourn (corr)"]
[EventRounds "6"]
[EventCountry "GER"]
[SourceTitle "Corr 2024"]
[Source "ChessBase"]
[SourceDate "2023.10.19"]
[SourceVersion "1"]
[SourceVersionDate "2023.10.19"]
[SourceQuality "1"]

1. d4 d5 2. c4 c6 3. Nc3 Nf6 4. Nf3 e6 5. e3 Nbd7 6. Qc2 Bd6 7. Bd3 0-0 8. 0-0 dxc4 9. Bxc4 a6 10. Rd1 b5 11. Bd3 Bb7 12. Ng5 h6 13. Nge4 Bb8 14. b4 a5 15. bxa5 Qxa5 16. Bd2 Qc7 17. g3 Rc8 18. Rac1 Qd8 19. Be1 Qe7 20. Qb1 Rd8 21. Nxf6+ Nxf6 22. Ne4 Bd6 23. Nc5 Bxc5 24. Rxc5 Nd7 25. Rc3 c5 26. Bxb5 Bf3 27. Rdc1 cxd4 28. exd4 Bd5 29. a4 Nf6 30. Rc7 Qa3 31. R7c3 Qe7 32. Rc7 Qa3 33. R7c3 Qe7 1/2-1/2

[Event "RM-2022-0-00254"]
[Site "LSS email"]
[Date "2022.01.18"]
[Round "?"]
[White "Sorcinelli, Andrea"]
[Black "Khlopov, Sergej"]
[Result "1/2-1/2"]
[WhiteElo "2333"]
[BlackElo "2318"]
[PlyCount "59"]
[EventDate "2022.01.04"]
[EventType "tourn (corr)"]
[EventRounds "6"]
[EventCountry "GER"]
[SourceTitle "Corr 2024"]
[Source "ChessBase"]
[SourceDate "2023.10.19"]
[SourceVersion "1"]
[SourceVersionDate "2023.10.19"]
[SourceQuality "1"]

1. e4 c6 2. d4 d5 3. e5 c5 4. dxc5 Nc6 5. Bb5 e6 6. Be3 Nge7 7. c3 Bd7 8. Bxc6 Bxc6 9. Nf3 Nf5 10. Bd4 Nxd4 11. Qxd4 Rc8 12. a4 Bd7 13. b4 b6 14. cxb6 Qxb6 15. Qxb6 axb6 16. Kd2 f6 17. a5 bxa5 18. Rxa5 Be7 19. Ra7 Rb8 20. Na3 Bd8 21. Nc2 Bb6 22. Ra3 0-0 23. exf6 gxf6 24. Ne3 Rfd8 25. Rc1 Kf7 26. Ke1 Ke7 27. Rd1 Ra8 28. Rda1 Rab8 29. Rb1 Ra8 30. Rba1 1/2-1/2

[Event "SM-2022-0-00458"]
[Site "LSS email"]
[Date "2022.01.07"]
[Round "?"]
[White "Khlopov, Sergej"]
[Black "Ploscaru, Stelian"]
[Result "1/2-1/2"]
[WhiteElo "2320"]
[BlackElo "2311"]
[PlyCount "50"]
[EventDate "2021.12.03"]
[EventType "tourn (corr)"]
[EventRounds "6"]
[EventCountry "GER"]
[SourceTitle "Corr 2024"]
[Source "ChessBase"]
[SourceDate "2023.10.19"]
[SourceVersion "1"]
[SourceVersionDate "2023.10.19"]
[SourceQuality "1"]

1. e4 c5 2. Nf3 d6 3. d4 cxd4 4. Nxd4 Nf6 5. Nc3 a6 6. Bg5 e6 7. Qf3 Be7 8. 0-0-0 Qc7 9. Kb1 Nbd7 10. g4 b5 11. a3 Rb8 12. Bc1 h6 13. Qe3 Bb7 14. f3 d5 15. exd5 Nxd5 16. Nxd5 Bxd5 17. Nf5 Qc6 18. Nxe7 Kxe7 19. Bd2 f6 20. h4 Ne5 21. Be2 Rhc8 22. Rc1 Nc4 23. Bxc4 bxc4 24. Bc3 Qb6 25. Qf4 Qd6 1/2-1/2

[Event "SM-2022-0-00458"]
[Site "LSS email"]
[Date "2022.01.07"]
[Round "?"]
[White "Wosch, Arkadiusz"]
[Black "Khlopov, Sergej"]
[Result "1/2-1/2"]
[WhiteElo "2300"]
[BlackElo "2320"]
[PlyCount "55"]
[EventDate "2021.12.03"]
[EventType "tourn (corr)"]
[EventRounds "6"]
[EventCountry "GER"]
[SourceTitle "Corr 2024"]
[Source "ChessBase"]
[SourceDate "2023.10.19"]
[SourceVersion "1"]
[SourceVersionDate "2023.10.19"]
[SourceQuality "1"]

1. e4 e5 2. Nf3 Nc6 3. Bc4 Nf6 4. d3 Bc5 5. c3 a5 6. Nbd2 d6 7. 0-0 h6 8. Re1 0-0 9. Nf1 a4 10. Bb5 a3 11. b4 Bb6 12. Be3 Bxe3 13. Nxe3 Ne7 14. Qc2 c6 15. Bc4 d5 16. Bb3 Ng6 17. Rad1 Be6 18. d4 Nxe4 19. c4 Ng5 20. Nxe5 Nf4 21. cxd5 Nxd5 22. Bxd5 cxd5 23. Nd3 Ne4 24. f3 Nd6 25. Nf4 Qg5 26. g3 b5 27. Rd2 Nc4 28. Rde2 1/2-1/2

[Event "RM-2021-0-00250"]
[Site "LSS email"]
[Date "2021.12.29"]
[Round "?"]
[White "Rutten, David"]
[Black "Khlopov, Sergej"]
[Result "1/2-1/2"]
[WhiteElo "2372"]
[BlackElo "2320"]
[PlyCount "72"]
[EventDate "2021.11.10"]
[EventType "tourn (corr)"]
[EventRounds "6"]
[EventCountry "GER"]
[SourceTitle "Corr 2024"]
[Source "ChessBase"]
[SourceDate "2023.10.19"]
[SourceVersion "1"]
[SourceVersionDate "2023.10.19"]
[SourceQuality "1"]

1. e4 e5 2. Nf3 Nc6 3. Bb5 a6 4. Ba4 Nf6 5. 0-0 Be7 6. Re1 b5 7. Bb3 d6 8. c3 0-0 9. h3 Bb7 10. d4 Re8 11. Nbd2 Bf8 12. a4 exd4 13. cxd4 h6 14. Bc2 Nb4 15. Bb1 c5 16. d5 Nd7 17. Ra3 c4 18. Nd4 Qf6 19. N2f3 Nc5 20. Ree3 Nbd3 21. Bxd3 b4 22. Bc2 bxa3 23. bxa3 c3 24. a5 g6 25. h4 Bc8 26. Rxc3 Bg4 27. Qe1 Bg7 28. Bd2 Bxf3 29. Nxf3 Rac8 30. Qd1 Nd7 31. Rb3 Rc7 32. Rb1 Rec8 33. Bd3 Nc5 34. Bc2 Nd7 35. Bd3 Nc5 36. Bc2 Nd7 1/2-1/2

[Event "RM-2021-0-00248"]
[Site "LSS email"]
[Date "2021.12.09"]
[Round "?"]
[White "Mostowik, Daniel"]
[Black "Khlopov, Sergej"]
[Result "1/2-1/2"]
[WhiteElo "2247"]
[BlackElo "2318"]
[PlyCount "69"]
[EventDate "2021.08.31"]
[EventType "tourn (corr)"]
[EventRounds "6"]
[EventCountry "GER"]
[SourceTitle "Corr 2024"]
[Source "ChessBase"]
[SourceDate "2023.10.19"]
[SourceVersion "1"]
[SourceVersionDate "2023.10.19"]
[SourceQuality "1"]

1. e4 c6 2. d4 d5 3. Nc3 dxe4 4. Nxe4 Nf6 5. Nxf6+ exf6 6. c3 Bd6 7. Bd3 0-0 8. Ne2 Re8 9. Qc2 h5 10. 0-0 h4 11. Bf4 Na6 12. h3 Nc7 13. Bxd6 Qxd6 14. Rfe1 Ne6 15. c4 Bd7 16. Qd2 Rad8 17. Rad1 Ng5 18. Bb1 b6 19. Nc3 Rxe1+ 20. Rxe1 g6 21. d5 cxd5 22. cxd5 b5 23. a3 Kg7 24. f4 Ne6 25. f5 Ng5 26. Qf2 a5 27. fxg6 fxg6 28. Re3 Qc5 29. Re2 Qxf2+ 30. Kxf2 f5 31. Rd2 Kf6 32. Rd4 Nf7 33. Rxh4 g5 34. Rd4 Nd6 35. Rd2 1/2-1/2